|
|
|
|
| LEADER |
00000nta a2200000 i 4500 |
| 001 |
dolg23683 |
| 005 |
20200224123223.0 |
| 008 |
191129suuuu hu om 000 hun d |
| 040 |
|
|
|a BGE Dolgozattár Repozitórium
|b hun
|
| 041 |
|
|
|a hu
|
| 100 |
1 |
|
|a Cseke Szilvia Dzsenifer
|
| 245 |
1 |
2 |
|a A fogyasztói magatartások változása az FMCG szektorban a 2008-as gazdasági világválság előtt és után
|c Cseke Szilvia Dzsenifer
|h [elektronikus dokumentum]
|
| 246 |
1 |
1 |
|a A fogyasztói magatartások változása az FMCG szektorban a 2008-as gazdasági világválság előtt és után
|
| 695 |
|
|
|a Fogyasztói magatartás
|
| 695 |
|
|
|a FMCG
|
| 700 |
1 |
|
|a Molnár Zsolt
|e ths
|
| 700 |
1 |
|
|a Bene Nikoletta
|e ths
|
| 856 |
4 |
0 |
|u http://dolgozattar.uni-bge.hu/23683/2/Titkos%C3%ADt%C3%A1s%20szakdolgozat.pdf
|z Dokumentum-elérés
|
| 856 |
4 |
0 |
|u http://dolgozattar.uni-bge.hu/23683/7/Cseke%20Szilvia%20Dzsenifer_JV2I2M.pdf
|z Dokumentum-elérés
|